Conference USA Logos - Statistics

General Stats
  • This quiz has been taken 39 times
  • The average score is 11 of 12
Answer Stats
Picture Answer % Correct
Kennesaw State
97%
Louisiana Tech
94%
Delaware
91%
Liberty
91%
Middle Tennessee
91%
New Mexico State
91%
Sam Houston
91%
UTEP
88%
FIU
84%
Missouri State
81%
Western Kentucky
81%
Jacksonville State
75%
No matching quizzes found
Score Distribution
Percent of People with Each Score
Percentile by Number Answered
Your Score History
You have not taken this quiz